| 000 | 00474nam a22001697a 4500 | ||
|---|---|---|---|
| 999 |
_c41778 _d41778 |
||
| 003 | OSt | ||
| 005 | 20221109111604.0 | ||
| 008 | 221109b ||||| |||| 00| 0 eng d | ||
| 020 | _a9788122416886 | ||
| 040 | _coclc | ||
| 082 |
_a574.87 _bRAS/C |
||
| 100 |
_94134 _aRastogi, S C |
||
| 245 |
_aCell Biology / _cS C Rastogi |
||
| 260 |
_aNew Delhi: _bNew age international, _c2008. |
||
| 300 | _a528 p | ||
| 942 |
_2ddc _cBK _h574.87 _iRAS/C _k574.87 _mRAS/C |
||